01142nas a2200289Ia 4500001002800000003001000028008004100038040002500079041001200104100001800116210003800134222003800172240004700210245004700257250001100304260000900315501012300324300001400447362002700461500007200488650003400560700001100594942000700605957000600612999003300618952020100651A50/R184-21033 [r000020189]IT-MiCISF161014c99999999xx |||||||||||| ||und|| aIT-MiCISFcIT-MiCISF aINGLESE aDuffy Mary E. aJournal of Divorce and Remarriage aJournal of Divorce and Remarriage aSocial Support: The Provider's Perspective 0aSocial Support: The Provider's Perspective a1a ed. c1993 bCISF - Centro Internazionale Studi Famiglia - Via Giotto, 36 20145 MILANO (non commercial uses only)cCopyright 2016 app. 57-73 avol. 19, n. 1-2 [1993] a Tema: divorzio, madre, rapporti-interpersonali, rapporti-familiari aFAMIGLIA - divorziovarticolo aAA.VV. cCR 71 a21033bSig1c249938d249938 0010406A_50_000000000000000_R18421033_R00002018971aCISFbCISFd2016-10-14l0oA50/R184-21033 [r000020189]r2016-10-14 00:00:00w2016-10-14yCRzData import 15.10.2016 / by Epidotti, Vaglietti